Burapok [juego] /
Guardado en:
| Formato: | Objeto Físico |
|---|---|
| Publicado: |
Argentina :
Kipo's,
[200?]
|
| Materias: | |
| Etiquetas: |
Agregar Etiqueta
Sin Etiquetas, Sea el primero en etiquetar este registro!
|
| LEADER | 00762nrm a22001575g 4500 | ||
|---|---|---|---|
| 001 | CEM.cems019400 | ||
| 008 | 130507b200?##################0###0#####d | ||
| 005 | 20220830172957.0 | ||
| 245 | 0 | 0 | |a Burapok [juego] / |c Kipo's |
| 260 | |a Argentina : |b Kipo's, |c [200?] | ||
| 300 | |a 1 juego (4 soportes-fichas plásticos, 54 fichas negras, 54 fichas rojas) ; en caja 21 x 36 x 5 cm. + instrucciones. | ||
| 500 | |a Para 2 a 4 jugadores a partir de 8 años y adultos objetivo: colocar todas tus fichas, formando combinaciones propias y /o añadiendo fichas a las jugadas realizadas anteriormente. | ||
| 082 | 0 | 4 | |a J795.34 |
| 653 | |a 1. juegos que dependen de sacar números o fichas | ||
| 653 | |a 2. juegos de cálculo numérico | ||
| 859 | |a CEMS |b BIB. CEMS - Ludoteca |h J795.34 |i K628 |p 302.03 |t Ej.1 | ||
